[Event "Noale Szabados Memorial-B 1st"]
[Site "Noale"]
[Date "2008.02.08"]
[Round "1"]
[White "Faggian, Diego"]
[Black "Rigato, Leonardo"]
[Result "0-1"]
[WhiteElo "1359"]
[BlackElo "1583"]
[PlyCount "126"]
[EventDate "2008.02.08"]
[EventType "swiss"]
[EventRounds "5"]
[EventCountry "ITA"]
[SourceTitle "EXT 2022"]
[Source "ChessBase"]
[SourceDate "2021.10.06"]
[SourceVersion "1"]
[SourceVersionDate "2021.10.06"]
[SourceQuality "1"]

1. d4 Nf6 2. c4 g6 3. Nc3 Bg7 4. e4 d6 5. Bd3 0-0 6. Nge2 e5 7. d5 Nbd7 8. b4 a5 9. Qa4 b6 10. Rb1 Bb7 11. 0-0 axb4 12. Qxb4 Nc5 13. Bc2 Bc8 14. Bd2 Nh5 15. h3 f5 16. f4 fxe4 17. a4 Nd3 18. Qa3 Ndxf4 19. Nxf4 exf4 20. Nxe4 Bd4+ 21. Kh1 Ng3+ 22. Nxg3 fxg3 23. Qxg3 Be5 24. Rxf8+ Qxf8 25. Qh4 Bd7 26. Kg1 Bxa4 27. Rf1 Bh2+ 28. Kxh2 Qxf1 29. Bxa4 Rxa4 30. Qd8+ Qf8 31. Qxc7 Ra2 32. Be3 Re2 33. Qxb6 Qe7 34. Bg1 Qe5+ 35. Kh1 Qg3 36. Qd8+ Kg7 37. Bd4+ Kh6 38. Qf8+ Kh5 39. Qf1 Re1 40. Qxe1 Qxe1+ 41. Bg1 Qc3 42. c5 dxc5 43. d6 Qe5 44. d7 Qe7 45. Bxc5 Qxd7 46. Bg1 Qd1 47. Kh2 h6 48. Kh1 Qe1 49. Kh2 Kg5 50. Bb6 h5 51. Bd8+ Kf5 52. Bc7 Ke4 53. Bg3 Qe2 54. Bh4 Kf5 55. Kh1 Qe3 56. Kh2 g5 57. Bg3 h4 58. Bc7 Ke4 59. Bd8 Kd3 60. Bc7 Ke2 61. Bd8 Kf1 62. Bb6 Qxb6 63. g3 Qg1# 0-1